Alabama County Seats Map Quiz - Statistics

General Stats
  • This quiz has been taken 108 times
  • The average score is 40 of 69
Answers on the Map
Answers color-coded by a green-red scale on the quiz's map according to % correct below.
 
Answer Stats
County Answer % Correct
Jefferson Birmingham
97%
Mobile Mobile
97%
Tuscaloosa Tuscaloosa
97%
Montgomery Montgomery
94%
Madison Huntsville
91%
Lauderdale Florence
88%
Baldwin Bay Minette
81%
Cullman Cullman
81%
Houston Dothan
78%
Etowah Gadsden
78%
Limestone Athens
75%
Butler Greenville
75%
Russell Phenix City
75%
Covington Andalusia
72%
Calhoun Anniston
72%
Lee Opelika
72%
Morgan Decatur
69%
Dallas Selma
69%
Coffee Enterprise
66%
DeKalb Fort Payne
66%
Monroe Monroeville
66%
Jackson Scottsboro
66%
Talladega Talladega
66%
Geneva Geneva
63%
Marshall Guntersville
63%
Walker Jasper
63%
Dale Ozark
63%
Pike Troy
63%
Colbert Tuscumbia
63%
Cherokee Centre
59%
Conecuh Evergreen
59%
St. Clair Pell City
59%
Escambia Brewton
56%
Winston Double Springs
56%
Fayette Fayette
56%
Blount Oneonta
56%
Autauga Prattville
56%
Elmore Wetumpka
56%
Chilton Clanton
53%
Perry Marion
53%
Franklin Russellville
53%
Choctaw Butler
50%
Bibb Centreville
50%
Shelby Columbiana
50%
Dale Greensboro
50%
Coosa Rockford
50%
Bullock Union Springs
50%
Coffee Elba
47%
Macon Tuskegee
47%
St. Clair Ashville
44%
Wilcox Camden
44%
Clay Ashland
41%
Washington Chatom
41%
Greene Eutaw
41%
Clarke Grove Hill
41%
Marion Hamilton
41%
Cleburne Heflin
41%
Sumter Livingston
41%
Lawrence Moulton
41%
Lamar Vernon
41%
Barbour Clayton
38%
Chambers LaFayette
38%
Crenshaw Luverne
38%
Henry Abbeville
34%
Tallapoosa Dadeville
34%
Lowndes Hayneville
34%
Marengo Linden
34%
Randolph Wedowee
31%
Pickens Carrollton
25%
No matching quizzes found
Score Distribution
Percent of People with Each Score
Percentile by Number Answered
Your Score History
You have not taken this quiz